Teach yourself Spanish / (Record no. 144415)

MARC details
000 -LEADER
fixed length control field 00673nam a22001937a 4500
005 - DATE AND TIME OF LATEST TRANSACTION
control field 20170912171207.0
008 - FIXED-LENGTH DATA ELEMENTS--GENERAL INFORMATION
fixed length control field 170912b xxu||||| |||| 00| 0 eng d
010 ## - LCCN (DPL NO)
LC control number ENG-120265
020 ## - INTERNATIONAL STANDARD BOOK NUMBER
International Standard Book Number 9788183821148
Terms of availability 195.00
035 ## - SYSTEM CONTROL NUMBER
System control number EN-103797
037 ## - SOURCE OF ACQUISITION
Source of stock number/acquisition DBAD/PUB
082 ## - DEWEY DECIMAL CLASSIFICATION NUMBER
Classification number 468.3421
100 ## - MAIN ENTRY--PERSONAL NAME
Personal name Gupta,Sonya Surbjhi
245 ## - TITLE STATEMENT
Title Teach yourself Spanish /
Statement of responsibility, etc by Sonya Suabhi Gupta [and] Nabiel Ansari
260 ## - PUBLICATION, DISTRIBUTION, ETC. (IMPRINT)
Place of publication, distribution, etc New Delhi
Name of publisher, distributor, etc Lotus Press
Date of publication, distribution, etc 2014
270 ## - ADDRESS
Address Unit N0-220,Second floor, 4735/22, Prakash Deep Building,Ansari Road Darya ganj
City New Delhi
Postal code 110002
300 ## - PHYSICAL DESCRIPTION
Extent vi,160p.
Dimensions 22cm (pbk)
Other physical details ill.
Accompanying material CD-RoMs
942 ## - ADDED ENTRY ELEMENTS (KOHA)
Source of classification or shelving scheme Dewey Decimal Classification
Item type English Books
Classification part 468.3421
Call number suffix GUP
Holdings
Withdrawn status Lost status Source of classification or shelving scheme Damaged status Not for loan Collection code Home library Current library Date acquired Source of acquisition Cost, normal purchase price Total Checkouts Full call number Barcode Date last seen Copy number Cost, replacement price Koha item type
    Dewey Decimal Classification   Not For Loan Non-fiction D.B.Act.Division D.B.Act.Division 12/09/2017 DBAD/PUB 195.00   468.3421 GUP EN-103797 12/09/2017 1 195.00 English Books

© Delhi Public Library
Hit Counter
free hit counter